Hilary Duff Charting Songs (Billboard Hot 100) - Statistics

General Stats
  • This quiz has been taken 51 times
  • The average score is 4 of 7
Answer Stats
Album Weeks On Peak Artist(s) Song % Correct
Metamorphosis 13 Weeks #35 Hilary Duff Come Clean
84%
Metamorphosis 20 Weeks #42 Hilary Duff So Yesterday
84%
Most Wanted 6 Weeks #29 Hilary Duff Wake Up
65%
Dignity 9 Weeks #24 Hilary Duff With Love
65%
Dignity 1 Week #97 Hilary Duff Stranger
60%
Breathe In. Breathe Out 1 Week #93 Hilary Duff Sparks
58%
Breathe In. Breathe Out 1 Week #79 Hilary Duff Chasing the Sun
30%
No matching quizzes found
Score Distribution
Percent of People with Each Score
Percentile by Number Answered
Your Score History
You have not taken this quiz